| 000 | 01054cab a2200277 4500 | ||
|---|---|---|---|
| 001 | ABS58071 | ||
| 008 | 090401t1997 xxu||||| |||| 00| 0 eng d | ||
| 035 | _a(Sirsi) u82711 | ||
| 041 | _aeng | ||
| 100 | _aHale, Janet | ||
| 245 | _aParticipation? No thanks | ||
| 260 | _c1997 | ||
| 350 | _a0 | ||
| 490 |
_aHousing Today _v(63) 11 December 1997, 15(1) |
||
| 520 | _aReports on the findings of a DoE commissioned survey of tenant groups, councils and training agencies on the Right to Manage. Finds that most respondents want to see the prohibition on tenant management organisations using staff seconded from the council lifted. Reviews the unusual example of Kirklees MC which actively encourages tenant participation. | ||
| 650 | _aHOUSING MANAGEMENT | ||
| 650 | _aKIRKLEES MC | ||
| 650 | _aRIGHT TO MANAGE | ||
| 650 | _aTENANT MANAGEMENT ORGANISATIONS | ||
| 650 | _aTENANT PARTICIPATION | ||
| 690 | _aLANDLORD AND TENANT-LEASEHOLD REFORM | ||
| 700 | _aSteele, A. | ||
| 700 | _aSomerville, P. | ||
| 942 | _n0 | ||
| 948 | _c16/12/1997 | ||
| 999 |
_c52238 _d52238 |
||